Nationalmannschaften nie für die WM qualifiziert - Sudden Death - Statistiken

Allgemein
  • Dieses Quiz wurde 374 mal gespielt
    112 seit der letzten Aktualisierung
  • Das Durchschnittsergebnis liegt bei 6 aus 21
Answers on the Grid
Answers color-coded by a green-red scale on the quiz's grid according to % correct below.
Luxemburg
Finnland
Guatemala
Zypern
Siria
Surinam
Sambia
Venezuela
Malaysia
Thailand
Guinea
Kenia
Sudan
Albanien
Malta
Singapur
Bahrain
Bangladesch
Estland
Pakistan
San Marino
Katar
Kuba
Israel
Haiti
Kuwait
Irak
Vereinigte Arabische Emirate
Jordanien
China
Angola
Türkei
Nordkorea
Neuseeland
Slowenien
Kanada
Honduras
Nordirland
Griechenland
Usbekistan
Schottland
Costa Rica
 
Antwortstatistiken
Antwort % Korrekt
San Marino
58%
Luxemburg
48%
Zypern
44%
Singapur
42%
Malta
38%
Estland
35%
Bangladesch
33%
Guatemala
33%
Surinam
33%
Bahrain
31%
Malaysia
31%
Thailand
31%
Sudan
27%
Pakistan
25%
Siria
25%
Guinea
21%
Kenia
19%
Venezuela
19%
Finnland
17%
Sambia
17%
Albanien
15%
Keine übereinstimmenden Quizze gefunden
Verteilung der Resultate
Anzahl Personen mit jedem Resultat
Perzentil nach korrekt beantworteten Fragen
Ihre Resultats-Entwicklung
Sie haben dieses Quiz seit der letzten Aktualisierung nicht gespielt